<?xml version="1.0" encoding="UTF-8"?>
<record
    xmlns:xsi="http://www.w3.org/2001/XMLSchema-instance"
    xsi:schemaLocation="http://www.loc.gov/MARC21/slim http://www.loc.gov/standards/marcxml/schema/MARC21slim.xsd"
    xmlns="http://www.loc.gov/MARC21/slim">

  <leader>01431nam a22002177a 4500</leader>
  <controlfield tag="005">20211116101831.0</controlfield>
  <controlfield tag="008">211116b           ||||| |||| 00| 0 eng d</controlfield>
  <datafield tag="020" ind1=" " ind2=" ">
    <subfield code="a">8171671896</subfield>
  </datafield>
  <datafield tag="040" ind1=" " ind2=" ">
    <subfield code="c">AL</subfield>
  </datafield>
  <datafield tag="082" ind1=" " ind2=" ">
    <subfield code="2">23</subfield>
    <subfield code="a">913.34003</subfield>
    <subfield code="b">GARC</subfield>
  </datafield>
  <datafield tag="100" ind1=" " ind2=" ">
    <subfield code="a">John Garrett</subfield>
    <subfield code="9">10453</subfield>
  </datafield>
  <datafield tag="245" ind1=" " ind2=" ">
    <subfield code="a">Classical Dictionary of India</subfield>
  </datafield>
  <datafield tag="260" ind1=" " ind2=" ">
    <subfield code="a">New Delhi</subfield>
    <subfield code="b">Rupa &amp; Co</subfield>
    <subfield code="c">2001</subfield>
  </datafield>
  <datafield tag="300" ind1=" " ind2=" ">
    <subfield code="a">vii,698p.</subfield>
    <subfield code="b">HB</subfield>
    <subfield code="c">23x15 cm.</subfield>
  </datafield>
  <datafield tag="365" ind1=" " ind2=" ">
    <subfield code="b">295.00</subfield>
    <subfield code="c">&#x20B9;</subfield>
    <subfield code="d">295.00</subfield>
  </datafield>
  <datafield tag="520" ind1=" " ind2=" ">
    <subfield code="a">ohn Garrett&#x2019;s A Classical Dictionary of India and its supplement is a comprehensive reference work on the Hindu, Buddhist and Jaina works of Ancient India. All persons and topics found in there works are described in this book. This work is a dictionary in the sense that the entries are arranged in alphabetical order; actually this is more of an encyclopaedia than a dictionary. Here the topics are dealt with in the manner of an encyclopaedia with the sole aim of giving the user a full picture of the subject; for this reason no restriction has been placed on the description. Quotations from other writers are included where they are necessary for better elucidation. Though diacritical signs are not used for the main entry, they have been used profusely within the definition, thereby helping the reader to pronounce proper nouns correctly without trouble.</subfield>
  </datafield>
  <datafield tag="650" ind1=" " ind2=" ">
    <subfield code="a">Travel</subfield>
    <subfield code="9">10454</subfield>
  </datafield>
  <datafield tag="650" ind1=" " ind2=" ">
    <subfield code="a">Dictionary</subfield>
    <subfield code="9">10455</subfield>
  </datafield>
  <datafield tag="700" ind1=" " ind2=" ">
    <subfield code="a">GARRETT (John)</subfield>
    <subfield code="9">10456</subfield>
  </datafield>
  <datafield tag="942" ind1=" " ind2=" ">
    <subfield code="2">ddc</subfield>
    <subfield code="c">GF</subfield>
  </datafield>
  <datafield tag="999" ind1=" " ind2=" ">
    <subfield code="c">220609</subfield>
    <subfield code="d">220609</subfield>
  </datafield>
  <datafield tag="952" ind1=" " ind2=" ">
    <subfield code="0">0</subfield>
    <subfield code="1">0</subfield>
    <subfield code="2">ddc</subfield>
    <subfield code="4">0</subfield>
    <subfield code="7">0</subfield>
    <subfield code="8">OTH</subfield>
    <subfield code="a">AL</subfield>
    <subfield code="b">AL</subfield>
    <subfield code="d">2013-03-24</subfield>
    <subfield code="l">0</subfield>
    <subfield code="o">913.34003 GARC</subfield>
    <subfield code="p">GF00676</subfield>
    <subfield code="r">2021-11-16 00:00:00</subfield>
    <subfield code="w">2021-11-16</subfield>
    <subfield code="y">GF</subfield>
  </datafield>
</record>
